| 000 | 00775nam a2200217Ia 4500 | ||
|---|---|---|---|
| 008 | 191130s2003##################000#0#eng## | ||
| 020 | _a9781860648526 | ||
| 022 | _a2003273487 | ||
| 040 |
_aACL _cACL |
||
| 082 | _a745.6749155 OKA | ||
| 100 | _aO'Kane, Bernard | ||
| 245 |
_aEarly Persian painting : Kalila and Dimna manuscripts of the late fourteenth century _cBernard O'Kane |
||
| 260 |
_aLondon _bI.B. Tauris _c2003 |
||
| 300 | _a336 p. : ill. (some col.) ; 29 cm | ||
| 500 | _aIncludes bibliographical references (p. [324]-330) and index | ||
| 650 | _aIllumination of books and manuscripts, Iranian - 14th century | ||
| 650 | _aKalīlah wa-Dimnah. Persian - Illustrations | ||
| 990 | _ae9fe175bac10000c0fc46504c4abc638 | ||
| 991 | _a377248 | ||
| 999 |
_c154969 _d154969 |
||